Statistics for U.S. Presidents Quiz

Click here to take the quiz!

General Stats

  • This quiz has been taken 25 times
  • The average score is 17 of 20

Answer Stats

Answer% Correct
Lincoln
100%
Trump
100%
Clinton
94%
Kennedy
94%
Obama / Biden
94%
Roosevelt
94%
Hoover
89%
Johnson
89%
Monroe
89%
Nixon
89%
Reagan
89%
Washington
89%
Grant
83%
Jefferson
83%
Truman
83%
Garfield
78%
Roosevelt
78%
Jackson
72%
McKinley
72%
Hayes
67%

Score Distribution

Percentile by Number Answered

Percent of People with Each Score

Your Score History

You have not taken this quiz